000 00230nam a2200097Ia 4500
008 240331s9999 xx 000 0 und d
082 _bILl
100 _aHuman right. ed
245 0 _aElangai :
_bmanida urimeigalim enilai
942 _cL
999 _c4733
_d4733